01595njm a2200289Ia 4500001000600000003000900006005001700015008004100032040001300073040001300086041001200099100001600111100001800127100003800145245001800183250001100201260000800212260003700220300001700257300003100274500019400305505054800499511005901047650005901106700008001165700006001245G7167IT-RoPAU20220918181159.0131025s9999 xx 000 0 und d aIT-RoPAU cIT-RoPAU aINGLESE aLennon John eAutore musica gCodice autore musica SPICS: 13133 aWonsaponatime a1a ed. aUSA bCAPITOL RECORDSc1998 [1a Ed.:0] aCOMPACT DISC c70 minuti (Testo: 16 pag.) aMusica pop. Allegato il libretto con i testi dei brani scelti, e l'introduzione della moglie Yoko Ono. Brani che vanno dal 1970 al 1985. Selezione di 21 brani dall'antologia di John Lennon. aI'm Losing You (3:56) - Working Class Hero (3:58) - God (3:15) - How Do You Sleep? (5:00) - Imagine (3:04) - Baby Please Don't Go (4:03) - Oh My Love (2:43) - God Save Oz (3:21) - I Founf Out (3:47) - Woman Is the Nigger of the World (5:16) - A Kiss Is Just A Kiss (0:12) - Be Bopa Lula (2:40) - Rip It Up Ready Teddy (2:26) - What You Got (1:15) - Nobody Loves You When You're Down and Out (5:02) - I Don't Wannaface It (3:31) - Real Love (4:09) - Only You (3:25) - Grow Oldwith Me (3:19) - Sean's "In the Sky" (1:25) - Serve Yourself (3:49). aRck Nielsen, Tom Peterson, Ringo Starr, George Arrison aSTRUMENTALE [COMPACT DISC]eCodice MATERIA SPICS: 9949 aLennon JohneAutore testo e musicagCodice autore testo/musica SPICS: 13133 aLennon JohngCodice interprete SPICS: 13133eInterprete